000 00367 a2200109 4500
001 ART_41866
005 20260410162023.0
008 260409a
245 1 0 _aNo habrá más penas ni olvido
100 1 _aSabelli, Héctor E.
773 0 _tJurisprudencia Argentina
_gJurisprudencia de la Corte Suprema de Justicia de la Nación (abr. 2006)
_wREV41622
999 _c33344
_d33344